[Event "BUL-ch U20"]
[Site "Sofia"]
[Date "2023.02.01"]
[Round "1"]
[White "Dankov, Boris"]
[Black "Pavlov, Vladimir1111"]
[Result "0-1"]
[WhiteElo "1634"]
[BlackElo "2095"]
[PlyCount "70"]
[EventDate "2023.02.01"]
[EventType "swiss"]
[EventRounds "7"]
[EventCountry "BUL"]
[SourceTitle "CBM 212 Extra"]
[Source "ChessBase"]
[SourceDate "2023.03.31"]
[SourceVersion "1"]
[SourceVersionDate "2023.03.31"]
[SourceQuality "1"]

1. d4 Nf6 2. c4 d6 3. Nf3 Nbd7 4. g3 g6 5. Bg2 Bg7 6. 0-0 e5 7. Nc3 0-0 8. e4 c6 9. h3 Qc7 10. Be3 Re8 11. Qc2 h6 12. Rad1 b6 13. Rfe1 Rb8 14. Qb1 Ba6 15. b3 Nf8 16. d5 c5 17. a4 Qe7 18. Qc2 g5 19. Nd2 Ng6 20. Nf1 Kh8 21. Bc1 Qd7 22. Ne3 Ng8 23. Nf5 Bc8 24. Ne2 N8e7 25. Nxg7 Kxg7 26. Bb2 Kh7 27. Qc3 Rg8 28. Kh2 a6 29. Ba1 b5 30. axb5 axb5 31. b4 Qa7 32. bxc5 Qxc5 33. cxb5 Qxf2 34. Qc7 Bxh3 35. Kxh3 Nf4+ 0-1